| 000 | 01002cam a22002531 4500 | ||
|---|---|---|---|
| 001 | gs 60000288 | ||
| 003 | DLC | ||
| 005 | 20260227111409.0 | ||
| 008 | 790227s1960 mtua 000 0 eng c | ||
| 010 | _ags 60000288 | ||
| 035 | _a(OCoLC)4695373 | ||
| 040 |
_aU.S. Geol. Survey. _cTxEU _dDLC |
||
| 042 | _apremarc | ||
| 050 | 0 | 0 |
_aTN24.M9 _bR62 |
| 100 | 1 | _aRoby, Robert N. | |
| 245 | 1 | 0 |
_aMines and mineral deposits (except fuels) Jefferson County, Montana, _cby R. N. Roby [and others] |
| 260 |
_aButte, _bMontana School of Mines, _c1960. |
||
| 300 |
_avi, 122 p. _bmaps (1 fold. in pocket) diagrs., tables, _c28 cm. |
||
| 490 | 1 | _aMontana. Bureau of Mines and Geology. Bulletin 16 | |
| 500 | _aPrepared by the Bureau of Mines, U.S. Dept. of the Interior and the Montana Bureau of Mines and Geology. | ||
| 650 | 0 |
_aMines and mineral resources _zMontana _zJefferson County. |
|
| 650 | 0 |
_aOre deposits _zMontana _zJefferson County. |
|
| 810 | 2 |
_aMontana Bureau of Mines and Geology. _tBulletin ; _v16. |
|
| 999 |
_c29486 _d29486 |
||